| Tag |
First Indicator |
Second Indicator |
Subfields |
| LEADER |
00000cam a22000008a 4500 |
| 001 |
in00000027888 |
| 005 |
20151007054642.0 |
| 008 |
870929s1988 nyua b 00110 eng |
| 010 |
|
|
|a 87027502
|
| 035 |
|
|
|a (OCoLC)16871591
|
| 035 |
|
|
|9 AAB5831AM
|
| 040 |
|
|
|a DLC
|c DLC
|d TXA
|d UtOrBLW
|
| 041 |
1 |
|
|a eng
|h rus
|
| 049 |
|
|
|a TXAM
|c [A10954266]
|
| 050 |
0 |
0 |
|a QA372
|b .A6913 1988
|
| 082 |
0 |
|
|a 515.3/5
|2 19
|
| 100 |
1 |
|
|a Arnolʹd, V. I.
|q (Vladimir Igorevich),
|d 1937-2010.
|
| 240 |
1 |
0 |
|a Dopolnitelʹnye glavy teorii obyknovennykh different︠s︡ialʹnykh uravneniĭ.
|l English
|
| 245 |
1 |
0 |
|a Geometrical methods in the theory of ordinary differential equations /
|c V.I. Arnold ; translated by Joseph Szucs ; English translation edited by Mark Levi.
|
| 250 |
|
|
|a 2nd ed.
|
| 263 |
|
|
|a 8805
|
| 264 |
|
1 |
|a New York :
|b Springer-Verlag,
|c [1988]
|
| 264 |
|
4 |
|c ©1988
|
| 300 |
|
|
|a xii, 351 pages :
|b illustrations
|
| 336 |
|
|
|a text
|b txt
|2 rdacontent
|
| 337 |
|
|
|a unmediated
|b n
|2 rdamedia
|
| 338 |
|
|
|a volume
|b nc
|2 rdacarrier
|
| 490 |
1 |
|
|a Grundlehren der mathematischen Wissenschaften ;
|v 250
|
| 504 |
|
|
|a Includes bibliographical references and index.
|
| 500 |
|
|
|a Translation of: Dopolnitelʹnye glavy teorii obyknovennykh different︠s︡ialʹnykh uravneniĭ.
|
| 650 |
|
0 |
|a Differential equations.
|
| 700 |
1 |
|
|a Levi, Mark,
|d 1951-
|
| 830 |
|
0 |
|a Grundlehren der mathematischen Wissenschaften ;
|v 250.
|
| 999 |
|
|
|a MARS
|
| 999 |
f |
f |
|s cafebc9a-065d-3667-9a19-190ce4492473
|i 3ed2c3aa-02be-3414-a954-440945b46bfd
|t 0
|
| 952 |
f |
f |
|p normal
|a Texas A&M University
|b Galveston Campus
|c Jack K. Williams Library
|d Galveston Stacks
|t 0
|e QA372 .A6913 1988
|h Library of Congress classification
|i unmediated -- volume
|m 33620000835260
|
| 952 |
f |
f |
|p normal
|a Texas A&M University
|b College Station
|c Sterling C. Evans Library
|d Evans: Library Stacks
|t 0
|e QA372 .A6913 1988
|h Library of Congress classification
|i unmediated -- volume
|m A14810954266
|
| 998 |
f |
f |
|a QA372 .A6913 1988
|t 0
|l Galveston Stacks
|
| 998 |
f |
f |
|a QA372 .A6913 1988
|t 0
|l Evans: Library Stacks
|